| 000 | 00670nam a2200205 a 4500 | ||
|---|---|---|---|
| 001 | 30265 | ||
| 005 | 20180713233441.0 | ||
| 008 | 140415s2003 000 0 spa d | ||
| 020 | _a9681335775 | ||
| 041 | _aspa | ||
| 082 |
_a641 _bPER |
||
| 100 | 1 | _aPEREDA MERINO, EDUARDO | |
| 245 | 1 | 3 | _aEL AGUA ALIMENTO VITAL |
| 250 | _a1ª EDICIÓN | ||
| 260 |
_a[s.l.] : _bDIANA, _c2003 |
||
| 300 |
_a146 _c12 x 2 x 21 |
||
| 520 | _aEL AUTOR DEL PRESENTE LIBRO SE RECIBIO DE NMEDICO EN 1962 EN LA UNAM. HIZO ESTUDIOS DE CIRUGIA VASCULAR DURANTE CINCO AÑOS EN ALEMANIA, HOLANDA E INGLATERRA. | ||
| 650 | 1 | 4 | _aAGUA |
| 700 | 1 |
_aEDMUNDO POMBO GORDILLO _epról. |
|
| 999 |
_c30265 _d30265 |
||